| Tag |
First Indicator |
Second Indicator |
Subfields |
| LEADER |
00000cam a2200000 4500 |
| 001 |
in00000367686 |
| 005 |
20151011074845.0 |
| 008 |
740129s1967 gw b 00100 ger |
| 010 |
|
|
|a 68123524
|
| 035 |
|
|
|a (OCoLC)00785106
|
| 035 |
|
|
|9 ABP5650AM
|
| 040 |
|
|
|a DLC
|c HCD
|d TXA
|d UtOrBLW
|
| 049 |
|
|
|a TXAM
|c [1397824]
|
| 050 |
0 |
0 |
|a P306
|b .M6715
|
| 100 |
1 |
|
|a Mounin, Georges,
|d 1910-
|
| 245 |
1 |
4 |
|a Die Ubersetzung. :
|b Geschichte, Theorie, Anwendung /
|c [Aus dem Italienischen von Harro Stammerjohann].
|
| 264 |
|
1 |
|a [Munchen] :
|b Nymphenburger Verlagshandlung,
|c [1967]
|
| 264 |
|
4 |
|c [©1967]
|
| 300 |
|
|
|a 214p. ;
|c 21cm.
|
| 336 |
|
|
|a text
|b txt
|2 rdacontent
|
| 337 |
|
|
|a unmediated
|b n
|2 rdamedia
|
| 338 |
|
|
|a volume
|b nc
|2 rdacarrier
|
| 490 |
0 |
|
|a Sammlung dialog, 20
|
| 500 |
|
|
|a Translation of Teoria e storia della traduzione
|
| 500 |
|
|
|a Original in French: Traductions et traducteurs.
|
| 500 |
|
|
|a "Zeitschriften, die den Problemen der Ubersetzung gewidmet sind": pages 206-207.
|
| 504 |
|
|
|a Bibliography: 202-205
|
| 650 |
|
0 |
|a Translating and interpreting.
|
| 999 |
|
|
|a MARS
|
| 999 |
f |
f |
|s 5209cc95-1c6b-3ec6-a623-fae39b97227a
|i 4fa6b3bd-0c80-388a-9e28-b2062f872e1c
|t 0
|
| 952 |
f |
f |
|p ric
|a Texas A&M University
|b Rellis Campus
|c Joint Library Facility
|s JLF
|d Remote Storage
|t 0
|e P306 .M6715
|h Library of Congress classification
|i unmediated -- volume
|m A14803536146
|
| 998 |
f |
f |
|a P306 .M6715
|t 0
|l Remote Storage
|